[Event "Montreal Mercredi 11"]
[Site "Montreal CAN"]
[Date "2012.11.14"]
[Round "1"]
[White "Chiku-Ratte, Olivier-Kenta"]
[Black "Tremblay, Alain"]
[Result "1-0"]
[WhiteElo "2204"]
[BlackElo "2058"]
[PlyCount "115"]
[GameId "2160767909411462"]
[EventDate "2012.11.14"]
[EventType "swiss"]
[EventRounds "5"]
[EventCountry "CAN"]
[SourceTitle "EXT 2022"]
[Source "ChessBase"]
[SourceDate "2021.10.06"]
[SourceVersion "1"]
[SourceVersionDate "2021.10.06"]
[SourceQuality "1"]

1. d4 Nf6 2. c4 e6 3. Nc3 d5 4. cxd5 exd5 5. Bg5 Be7 6. e3 c6 7. Bd3 Nbd7 8. Qc2 O-O 9. Nf3 Re8 10. O-O Nf8 11. h3 Be6 12. Rab1 Ne4 13. Bxe7 Rxe7 14. b4 f5 15. Rfc1 Rc7 16. Na4 b5 17. Nc5 a5 18. a3 axb4 19. axb4 Qf6 20. Ne5 Nd6 21. Ra1 Rxa1 22. Rxa1 Nc4 23. Nxe6 Qxe6 24. Bxf5 Qe7 25. Nd3 g6 26. Bg4 Kg7 27. Ra6 h5 28. Bf3 Ne6 29. Nc5 Ng5 30. Bxd5 Nxe3 31. fxe3 Qxe3+ 32. Kh2 Qxd4 33. Bxc6 Qd6+ 34. Kh1 Rxc6 35. Ne6+ Qxe6 36. Rxc6 Qe1+ 37. Kh2 Qe5+ 38. g3 Ne4 39. Rc7+ Kh6 40. Qc1+ g5 41. Qc6+ Nf6 42. Qc5 Qe2+ 43. Kg1 Qe1+ 44. Kg2 Qd2+ 45. Qf2 Qd5+ 46. Kh2 Qd6 47. Rb7 h4 48. Rxb5 hxg3+ 49. Qxg3 Qd2+ 50. Kh1 Qc1+ 51. Kh2 Qd2+ 52. Qg2 Qd6+ 53. Kg1 Qd1+ 54. Qf1 Qd4+ 55. Qf2 Qd1+ 56. Kg2 Qd6 57. Rb6 Qd5+ 58. Kg1 1-0

[Event "Montreal Mercredi 11"]
[Site "Montreal CAN"]
[Date "2012.11.14"]
[Round "1"]
[White "Deshetres, Michel"]
[Black "Leung, Chin"]
[Result "1-0"]
[WhiteElo "1718"]
[BlackElo "1718"]
[PlyCount "91"]
[GameId "2160767909411463"]
[EventDate "2012.11.14"]
[EventType "swiss"]
[EventRounds "5"]
[EventCountry "CAN"]
[SourceTitle "EXT 2022"]
[Source "ChessBase"]
[SourceDate "2021.10.06"]
[SourceVersion "1"]
[SourceVersionDate "2021.10.06"]
[SourceQuality "1"]

1. e4 c5 2. Nf3 d6 3. d4 cxd4 4. Nxd4 Nf6 5. Nc3 g6 6. f4 Bg7 7. e5 Nh5 8. g4 Nxf4 9. Bb5+ Nd7 10. exd6 O-O 11. Bxf4 e5 12. Nd5 exf4 13. Ne7+ Kh8 14. Qd2 Ne5 15. Nxc8 Rxc8 16. d7 Nxd7 17. O-O-O Ne5 18. Qxf4 Qc7 19. Kb1 a6 20. Ba4 b5 21. Bb3 Qb6 22. Rhe1 Nc4 23. Bxc4 bxc4 24. c3 Rb8 25. Re2 Rb7 26. Rde1 Qa5 27. Qf3 Qb6 28. Qd5 Rd8 29. Qxd8+ Qxd8 30. Re8+ Qxe8 31. Rxe8+ Bf8 32. Rxf8+ Kg7 33. Rc8 Re7 34. Rxc4 Re1+ 35. Kc2 Rh1 36. b4 Rxh2+ 37. Kb3 Rg2 38. Nc2 Re2 39. a4 h5 40. gxh5 g5 41. b5 axb5 42. axb5 Kh6 43. b6 Re8 44. b7 Rb8 45. Rc7 f5 46. Nd4 1-0

[Event "Montreal Mercredi 11"]
[Site "Montreal CAN"]
[Date "2012.11.14"]
[Round "1"]
[White "Dumouchel, Alain"]
[Black "Ostaci, Liviu"]
[Result "1-0"]
[WhiteElo "2014"]
[BlackElo "1893"]
[PlyCount "51"]
[GameId "2160767909411464"]
[EventDate "2012.11.14"]
[EventType "swiss"]
[EventRounds "5"]
[EventCountry "CAN"]
[SourceTitle "EXT 2022"]
[Source "ChessBase"]
[SourceDate "2021.10.06"]
[SourceVersion "1"]
[SourceVersionDate "2021.10.06"]
[SourceQuality "1"]

1. e4 c5 2. Nf3 d6 3. d4 cxd4 4. Nxd4 Nf6 5. Nc3 a6 6. Rg1 g6 7. g4 Bg7 8. g5 Nfd7 9. Be3 Nc5 10. Qd2 Bd7 11. f4 Nc6 12. O-O-O Qa5 13. Bc4 Qb4 14. Qe2 Nxd4 15. Bxd4 e5 16. fxe5 dxe5 17. Nd5 Qa5 18. Bc3 Qd8 19. Qf2 Ne6 20. Nb6 Nf4 21. Rxd7 Qxd7 22. Nxd7 Kxd7 23. Qb6 Rab8 24. Rd1+ Ke8 25. Qc7 Ra8 26. Qxf7# 1-0

[Event "Montreal Mercredi 11"]
[Site "Montreal CAN"]
[Date "2012.11.14"]
[Round "1"]
[White "Gauthier, Luc"]
[Black "Baran, Marius"]
[Result "1-0"]
[WhiteElo "1714"]
[BlackElo "1712"]
[PlyCount "101"]
[GameId "2160767909411465"]
[EventDate "2012.11.14"]
[EventType "swiss"]
[EventRounds "5"]
[EventCountry "CAN"]
[SourceTitle "EXT 2022"]
[Source "ChessBase"]
[SourceDate "2021.10.06"]
[SourceVersion "1"]
[SourceVersionDate "2021.10.06"]
[SourceQuality "1"]

1. e4 c5 2. Nc3 Nc6 3. g3 Nf6 4. Bg2 e6 5. d3 d5 6. f4 d4 7. Nce2 Be7 8. Nf3 O-O 9. O-O Qd7 10. h3 b6 11. Ne5 Nxe5 12. fxe5 Ne8 13. Nf4 Qc7 14. Nh5 g6 15. Nf6+ Kg7 16. Qd2 Bxf6 17. Qh6+ Kg8 18. exf6 e5 19. Qh4 Kh8 20. Qh6 Rg8 21. Bd2 Qd6 22. Qh4 Bd7 23. Rf3 b5 24. Raf1 c4 25. Bh6 Be6 26. g4 a5 27. Bg5 b4 28. Qf2 a4 29. Rc1 c3 30. b3 axb3 31. axb3 Ra2 32. Qg3 Qc5 33. h4 Nd6 34. Kh2 Rga8 35. h5 Ra1 36. hxg6 fxg6 37. Qh4 Nf7 38. Rh3 Nxg5 39. Qxg5 Rxc1 40. Qxc1 Bxg4 41. Rh4 Bh5 42. Qg5 Qc7 43. Bh3 Ra2 44. Be6 Rxc2+ 45. Kg3 Rd2 46. Rxh5 Rxd3+ 47. Kh4 Rd1 48. Qh6 g5+ 49. Rxg5 Rh1+ 50. Kg3 Rg1+ 51. Kf2 1-0

[Event "Montreal Mercredi 11"]
[Site "Montreal CAN"]
[Date "2012.11.14"]
[Round "1"]
[White "Lacroix, Serge"]
[Black "Barko, Maxim"]
[Result "0-1"]
[WhiteElo "1822"]
[BlackElo "1734"]
[PlyCount "122"]
[GameId "2160767909411466"]
[EventDate "2012.11.14"]
[EventType "swiss"]
[EventRounds "5"]
[EventCountry "CAN"]
[SourceTitle "EXT 2022"]
[Source "ChessBase"]
[SourceDate "2021.10.06"]
[SourceVersion "1"]
[SourceVersionDate "2021.10.06"]
[SourceQuality "1"]

1. e4 e6 2. d4 d5 3. exd5 exd5 4. Bd3 Bd6 5. Nf3 Nc6 6. O-O Bg4 7. Re1+ Nge7 8. c3 Qd7 9. Nbd2 O-O-O 10. Nf1 Ng6 11. Ne3 Nf4 12. Nxg4 Qxg4 13. Bxf4 Qxf4 14. Qd2 Qxd2 15. Nxd2 Rde8 16. Nf3 h6 17. g3 a6 18. b4 Kd8 19. a4 Rxe1+ 20. Rxe1 Re8 21. Rxe8+ Kxe8 22. Kf1 Ke7 23. Ke2 Ke6 24. Nh4 a5 25. b5 Ne7 26. f4 Ba3 27. Nf3 Nc8 28. c4 Nb6 29. c5 Nxa4 30. Kd2 Bb4+ 31. Kc2 Nc3 32. f5+ Ke7 33. Kb3 Ne4 34. g4 Nf2 35. c6 bxc6 36. f6+ Kxf6 37. Bf5 cxb5 38. Bd7 c5 39. dxc5 Bxc5 40. Bxb5 Nxg4 41. h3 Ne5 42. Nd2 Bb4 43. Nf1 d4 44. Ng3 d3 45. Nh5+ Kg5 46. Nxg7 Kh4 47. Nf5+ Kxh3 48. Nxh6 Kg3 49. Nxf7 d2 50. Be2 Nxf7 51. Ka4 Kf2 52. Bh5 Ke1 53. Bg4 Ne5 54. Bh5 Nc6 55. Kb3 Nd4+ 56. Kc4 Ne2 57. Bxe2 Kxe2 58. Kb3 d1=Q+ 59. Ka2 Qd2+ 60. Ka1 Bc3+ 61. Kb1 Qb2# 0-1

[Event "Montreal Mercredi 11"]
[Site "Montreal CAN"]
[Date "2012.11.14"]
[Round "1"]
[White "Leutschaft, Martin"]
[Black "Levkovsky, Alexandre"]
[Result "0-1"]
[WhiteElo "2093"]
[BlackElo "2272"]
[PlyCount "110"]
[GameId "2160767909411467"]
[EventDate "2012.11.14"]
[EventType "swiss"]
[EventRounds "5"]
[EventCountry "CAN"]
[SourceTitle "EXT 2022"]
[Source "ChessBase"]
[SourceDate "2021.10.06"]
[SourceVersion "1"]
[SourceVersionDate "2021.10.06"]
[SourceQuality "1"]

1. c3 d5 2. Qc2 e5 3. d3 c5 4. e4 Nf6 5. Nf3 Nc6 6. a3 Qc7 7. Bg5 Be6 8. Nbd2 d4 9. cxd4 cxd4 10. b4 a6 11. Be2 Nd7 12. Nb3 Rc8 13. Rc1 Qb8 14. O-O Bd6 15. Bd2 O-O 16. Qb2 f6 17. Nh4 Ne7 18. h3 g6 19. Bh6 Rxc1 20. Rxc1 Rc8 21. Bg4 f5 22. exf5 gxf5 23. Bh5 Nf6 24. Bf3 b6 25. Rxc8+ Qxc8 26. Nxd4 Bf7 27. Bg5 exd4 28. Qxd4 Qe6 29. g3 Nd7 30. Bxe7 Bxe7 31. Nxf5 Qxf5 32. Bg4 Qd5 33. Qxd5 Bxd5 34. Bxd7 b5 35. Bc8 Bf6 36. Bxa6 Bc6 37. Kf1 Bb2 38. Ke2 Bxa3 39. d4 Bxb4 40. d5 Bd7 41. g4 Bd6 42. Kd3 Kf7 43. Ke4 b4 44. f4 b3 45. Bd3 b2 46. f5 Kf6 47. h4 h6 48. Bb1 Bb5 49. Kd4 Be2 50. g5+ hxg5 51. hxg5+ Kxg5 52. Kc3 Be5+ 53. Kb3 Bg4 54. d6 Bxf5 55. Ka2 Bxb1+ 0-1

[Event "Montreal Mercredi 11"]
[Site "Montreal CAN"]
[Date "2012.11.14"]
[Round "1"]
[White "Nardone, Raul"]
[Black "Bergeron, Rene"]
[Result "1/2-1/2"]
[WhiteElo "1817"]
[BlackElo "1740"]
[PlyCount "206"]
[GameId "2160767909411468"]
[EventDate "2012.11.14"]
[EventType "swiss"]
[EventRounds "5"]
[EventCountry "CAN"]
[SourceTitle "EXT 2022"]
[Source "ChessBase"]
[SourceDate "2021.10.06"]
[SourceVersion "1"]
[SourceVersionDate "2021.10.06"]
[SourceQuality "1"]

1. d4 d5 2. Nf3 e6 3. g3 c5 4. Bg2 Nc6 5. O-O Nf6 6. Bg5 h6 7. Bf4 Be7 8. c3 O-O 9. h3 b6 10. Ne5 Bb7 11. Qa4 Nxe5 12. Bxe5 Nd7 13. Bf4 Qc8 14. Nd2 Re8 15. e4 Ba6 16. Rfe1 b5 17. Qd1 Nb6 18. dxc5 Bxc5 19. Nb3 Bb7 20. Qh5 Nc4 21. exd5 e5 22. Nxc5 Qxc5 23. Bxh6 gxh6 24. Re4 Qd6 25. Qg4+ Kf8 26. Re2 Bxd5 27. Bxd5 Qxd5 28. b3 Nd6 29. Rae1 e4 30. Qf4 Re6 31. Rd2 Qc6 32. Red1 Ne8 33. Qf5 Rf6 34. Qh7 Rg6 35. Rd7 Qf6 36. R7d4 Qf5 37. Qh8+ Ke7 38. Re1 Re6 39. Qg8 Qg6 40. Qxg6 fxg6 41. Rdxe4 Rxe4 42. Rxe4+ Kf6 43. c4 bxc4 44. Rxc4 a5 45. Kg2 Nd6 46. Rc6 Ke5 47. Kf3 Kd5 48. Rc7 Ra6 49. Rh7 h5 50. g4 hxg4+ 51. hxg4 Nb5 52. Rd7+ Ke5 53. Ke3 Nc3 54. f4+ Ke6 55. Rd2 Rd6 56. Rc2 Nd5+ 57. Kf3 Nb4 58. Re2+ Kf6 59. Re5 Nc6 60. Rc5 Ke6 61. f5+ gxf5 62. gxf5+ Kf6 63. Ke3 Ke7 64. a3 Kd7 65. b4 axb4 66. axb4 Nxb4 67. Re5 Nc6 68. Rb5 Rd1 69. Rb7+ Ke8 70. Kf4 Rf1+ 71. Kg5 Nd8 72. Ra7 Nc6 73. Rb7 Rg1+ 74. Kf4 Ne7 75. Ke5 Re1+ 76. Kf6 Nd5+ 77. Kg5 Rg1+ 78. Kh6 Ne7 79. Kh5 Kf7 80. Kh4 Kf6 81. Rb6+ Kxf5 82. Rb5+ Kf4 83. Rb4+ Ke5 84. Rg4 Nf5+ 85. Kg5 Ra1 86. Rf4 Ne3 87. Rf8 Rg1+ 88. Kh5 Nf5 89. Ra8 Ng7+ 90. Kh4 Ne6 91. Ra5+ Kf6 92. Kh3 Rg8 93. Kh4 Nd4 94. Rh5 Rg1 95. Ra5 Rg8 96. Kh3 Nc2 97. Kh4 Ne1 98. Ra6+ Kf5 99. Ra5+ Kf4 100. Ra4+ Ke3 101. Ra3+ Ke2 102. Ra2+ Ke3 103. Ra3+ Nd3 1/2-1/2

[Event "Montreal Mercredi 11"]
[Site "Montreal CAN"]
[Date "2012.11.26"]
[Round "1"]
[White "Gates, Claude-Eric"]
[Black "Millette, Sylvain"]
[Result "1/2-1/2"]
[WhiteElo "1677"]
[BlackElo "1692"]
[PlyCount "98"]
[GameId "2160767909411469"]
[EventDate "2012.11.14"]
[EventType "swiss"]
[EventRounds "5"]
[EventCountry "CAN"]
[SourceTitle "EXT 2022"]
[Source "ChessBase"]
[SourceDate "2021.10.06"]
[SourceVersion "1"]
[SourceVersionDate "2021.10.06"]
[SourceQuality "1"]

1. d4 Nf6 2. Nf3 d5 3. Bf4 g6 4. e3 Bg7 5. Be2 Nbd7 6. O-O O-O 7. Nbd2 c5 8. c3 b6 9. h3 Bb7 10. Ne5 cxd4 11. exd4 Nxe5 12. Bxe5 Nd7 13. Bg3 e5 14. dxe5 Bxe5 15. Bxe5 Nxe5 16. Nf3 Qf6 17. Nxe5 Qxe5 18. Bf3 Rfe8 19. Re1 Qxe1+ 20. Qxe1 Rxe1+ 21. Rxe1 Kf8 22. Rd1 Rd8 23. Rd4 Ke7 24. Kf1 Ke6 25. Ke1 f5 26. h4 h5 27. Kd2 b5 28. a4 a6 29. axb5 axb5 30. Rb4 Bc6 31. Be2 Rb8 32. Ke3 Ke5 33. f4+ Kd6 34. Rd4 Kc5 35. b4+ Kd6 36. Rd2 Re8+ 37. Kf2 Re4 38. g3 Re7 39. Ra2 Kc7 40. Ra7+ Kd6 41. Rxe7 Kxe7 42. Ke3 Kd6 43. Kd4 Bd7 44. Bf3 Be6 45. Bd1 Bd7 46. Bc2 Be6 47. Bd3 Bd7 48. Ke3 Be8 49. Kf2 Bc6 1/2-1/2

[Event "Montreal Mercredi 11"]
[Site "Montreal CAN"]
[Date "2012.11.26"]
[Round "1"]
[White "Rondon, Luciano"]
[Black "Lalonde, Paul"]
[Result "1-0"]
[WhiteElo "1945"]
[BlackElo "1933"]
[PlyCount "39"]
[GameId "2160767909411470"]
[EventDate "2012.11.14"]
[EventType "swiss"]
[EventRounds "5"]
[EventCountry "CAN"]
[SourceTitle "EXT 2022"]
[Source "ChessBase"]
[SourceDate "2021.10.06"]
[SourceVersion "1"]
[SourceVersionDate "2021.10.06"]
[SourceQuality "1"]

1. d4 Nf6 2. c4 g6 3. Nc3 d5 4. cxd5 Nxd5 5. g3 Bg7 6. Bg2 Nxc3 7. bxc3 c5 8. Nf3 Nc6 9. e3 O-O 10. O-O Qc7 11. Ba3 cxd4 12. cxd4 Bf5 13. Nd2 Bd3 14. Re1 Rfd8 15. Qb3 Ba6 16. Rac1 Qd7 17. Ne4 Na5 18. Qb4 Nc6 19. Qa4 Qc7 20. Nc5 1-0

[Event "Montreal Mercredi 11"]
[Site "Montreal CAN"]
[Date "2012.11.21"]
[Round "2"]
[White "Baran, Marius"]
[Black "Gates, Claude-Eric"]
[Result "0-1"]
[WhiteElo "1712"]
[BlackElo "1677"]
[PlyCount "86"]
[GameId "2160767909411471"]
[EventDate "2012.11.14"]
[EventType "swiss"]
[EventRounds "5"]
[EventCountry "CAN"]
[SourceTitle "EXT 2022"]
[Source "ChessBase"]
[SourceDate "2021.10.06"]
[SourceVersion "1"]
[SourceVersionDate "2021.10.06"]
[SourceQuality "1"]

1. d4 d5 2. Bg5 Nf6 3. f3 Bf5 4. e3 Nbd7 5. Bd3 Bxd3 6. Qxd3 e6 7. Nd2 Be7 8. f4 c5 9. c3 c4 10. Qc2 Ng4 11. Nf1 Bxg5 12. fxg5 Qxg5 13. Qe2 Qg6 14. h3 Ngf6 15. Nf3 Ne4 16. O-O-O a5 17. g4 Qf6 18. Rg1 Qe7 19. Ng3 Nxg3 20. Rxg3 b5 21. e4 dxe4 22. Qxe4 O-O 23. g5 b4 24. Ne5 bxc3 25. Rxc3 Qxg5+ 26. Re3 Nf6 27. Qf3 Nd5 28. Rde1 Nxe3 29. Rxe3 Qg1+ 30. Kc2 Rad8 31. Nc6 Rd7 32. Re2 Qg6+ 33. Kc3 Qb1 34. Nxa5 Qxa2 35. Nxc4 Rc8 36. b3 Qa5+ 37. Kd3 Qb5 38. Rc2 Qxb3+ 39. Rc3 Qb5 40. Ke3 Qg5+ 41. Kf2 Qh4+ 42. Kg2 Qxd4 43. Rc2 Rdc7 0-1

[Event "Montreal Mercredi 11"]
[Site "Montreal CAN"]
[Date "2012.11.21"]
[Round "2"]
[White "Bergeron, Rene"]
[Black "Heredia, Jose"]
[Result "0-1"]
[WhiteElo "1740"]
[BlackElo "1764"]
[PlyCount "44"]
[GameId "2160767909411472"]
[EventDate "2012.11.14"]
[EventType "swiss"]
[EventRounds "5"]
[EventCountry "CAN"]
[SourceTitle "EXT 2022"]
[Source "ChessBase"]
[SourceDate "2021.10.06"]
[SourceVersion "1"]
[SourceVersionDate "2021.10.06"]
[SourceQuality "1"]

1. c4 c6 2. Nc3 d5 3. cxd5 cxd5 4. d4 e6 5. Nf3 Nf6 6. e3 Nbd7 7. Bd3 Bd6 8. O-O O-O 9. Bd2 a6 10. Rc1 b6 11. e4 dxe4 12. Nxe4 Nxe4 13. Bxe4 Ra7 14. Bb1 Nf6 15. Bg5 Bb7 16. Qd3 g6 17. Nd2 Bxh2+ 18. Kh1 Qd5 19. Nf3 Ng4 20. Bd2 Qh5 21. Ng5 Bg3+ 22. Nh3 Qxh3+ 0-1

[Event "Montreal Mercredi 11"]
[Site "Montreal CAN"]
[Date "2012.11.21"]
[Round "2"]
[White "Brodie, Hugh"]
[Black "Lalonde, Paul"]
[Result "1/2-1/2"]
[WhiteElo "1861"]
[BlackElo "1933"]
[PlyCount "70"]
[GameId "2160767909411473"]
[EventDate "2012.11.14"]
[EventType "swiss"]
[EventRounds "5"]
[EventCountry "CAN"]
[SourceTitle "EXT 2022"]
[Source "ChessBase"]
[SourceDate "2021.10.06"]
[SourceVersion "1"]
[SourceVersionDate "2021.10.06"]
[SourceQuality "1"]

1. e4 c5 2. Nf3 d6 3. c3 Nf6 4. Bd3 Bg4 5. Bc2 e6 6. h3 Bh5 7. O-O Nc6 8. d3 Be7 9. Nbd2 O-O 10. Re1 Qc7 11. Nf1 Ne5 12. g4 Nxf3+ 13. Qxf3 Bg6 14. Ng3 Nd7 15. Bf4 Ne5 16. Qe2 Rac8 17. Be3 Bh4 18. Kg2 f6 19. Rad1 d5 20. exd5 exd5 21. d4 Bxc2 22. Qxc2 cxd4 23. Bxd4 Bxg3 24. fxg3 Rcd8 25. g5 Nc6 26. gxf6 Nxd4 27. Rxd4 Rxf6 28. Re3 Qf7 29. Rd2 Rf8 30. Ree2 Rf3 31. Rf2 d4 32. cxd4 Rxf2+ 33. Rxf2 Qd5+ 34. Kh2 Rxf2+ 35. Qxf2 Qxa2 1/2-1/2

[Event "Montreal Mercredi 11"]
[Site "Montreal CAN"]
[Date "2012.11.21"]
[Round "2"]
[White "Cardin, Guillaume"]
[Black "Dumouchel, Alain"]
[Result "1-0"]
[WhiteElo "2034"]
[BlackElo "2014"]
[PlyCount "43"]
[GameId "2160767909411474"]
[EventDate "2012.11.14"]
[EventType "swiss"]
[EventRounds "5"]
[EventCountry "CAN"]
[SourceTitle "EXT 2022"]
[Source "ChessBase"]
[SourceDate "2021.10.06"]
[SourceVersion "1"]
[SourceVersionDate "2021.10.06"]
[SourceQuality "1"]

1. d4 d5 2. c4 e6 3. Nf3 Be7 4. g3 Nf6 5. Bg2 O-O 6. O-O a6 7. Nbd2 b6 8. Qc2 Bb7 9. Ne5 Nbd7 10. Nxd7 Nxd7 11. e4 dxc4 12. Nxc4 c5 13. d5 b5 14. Ne3 Ne5 15. Rd1 c4 16. dxe6 Nd3 17. exf7+ Rxf7 18. Nxc4 bxc4 19. Qxc4 Qb6 20. Be3 Ne5 21. Qxf7+ Kxf7 22. Bxb6 1-0

[Event "Montreal Mercredi 11"]
[Site "Montreal CAN"]
[Date "2012.11.21"]
[Round "2"]
[White "Chiku-Ratte, Olivier-Kenta"]
[Black "Boudreau, Daniel"]
[Result "1-0"]
[WhiteElo "2204"]
[BlackElo "2037"]
[PlyCount "101"]
[GameId "2160767909411475"]
[EventDate "2012.11.14"]
[EventType "swiss"]
[EventRounds "5"]
[EventCountry "CAN"]
[SourceTitle "EXT 2022"]
[Source "ChessBase"]
[SourceDate "2021.10.06"]
[SourceVersion "1"]
[SourceVersionDate "2021.10.06"]
[SourceQuality "1"]

1. d4 Nf6 2. c4 e6 3. Nc3 Bb4 4. e3 O-O 5. Bd3 d5 6. Nf3 c5 7. O-O b6 8. Na4 dxc4 9. Bxc4 cxd4 10. exd4 Bb7 11. a3 Bd6 12. h3 Bc7 13. Re1 Qd6 14. Nc3 a6 15. Bg5 b5 16. Bd3 Nbd7 17. Bc2 Rac8 18. Qd3 g6 19. Rad1 Bb6 20. Ne5 b4 21. axb4 Qxb4 22. Nxd7 Nxd7 23. Ne4 Bxe4 24. Qxe4 Qxb2 25. Ba4 Rc7 26. Bf4 e5 27. Bxe5 Nxe5 28. Qxe5 Rc4 29. Re2 Qb4 30. Be8 Bxd4 31. Qd5 Bg7 32. Rde1 Rc8 33. Re4 Qa3 34. Re7 Rcxe8 35. Rxe8 Qb2 36. R1e7 Qf6 37. Rxf8+ Bxf8 38. Ra7 Qa1+ 39. Kh2 Qf6 40. Qa2 Bd6+ 41. g3 Bc5 42. Rxa6 Qf3 43. Ra8+ Kg7 44. Qb2+ f6 45. Ra2 h5 46. Qe2 Qd5 47. Rd2 Qc6 48. Qc4 Qb6 49. Rd7+ Kh6 50. Qf4+ g5 51. Qf5 1-0

[Event "Montreal Mercredi 11"]
[Site "Montreal CAN"]
[Date "2012.11.21"]
[Round "2"]
[White "Deshetres, Michel"]
[Black "Gauthier, Luc"]
[Result "0-1"]
[WhiteElo "1718"]
[BlackElo "1714"]
[PlyCount "70"]
[GameId "2160767909411476"]
[EventDate "2012.11.14"]
[EventType "swiss"]
[EventRounds "5"]
[EventCountry "CAN"]
[SourceTitle "EXT 2022"]
[Source "ChessBase"]
[SourceDate "2021.10.06"]
[SourceVersion "1"]
[SourceVersionDate "2021.10.06"]
[SourceQuality "1"]

1. Nf3 d5 2. g3 c5 3. Bg2 e6 4. O-O Nf6 5. d3 Nc6 6. Nbd2 Be7 7. c4 O-O 8. b3 d4 9. Bb2 e5 10. a3 a5 11. Qc2 h6 12. h3 Re8 13. Kh2 Bf5 14. Nh4 Bh7 15. Ne4 Nxe4 16. dxe4 Bxh4 17. gxh4 Qxh4 18. Rg1 Qf4+ 19. Kh1 Rad8 20. Rad1 Kh8 21. Bc1 Qh4 22. Kh2 Ne7 23. Bf3 f5 24. Rdf1 fxe4 25. Bg4 e3 26. Qd1 exf2 27. Rg2 d3 28. Rgxf2 dxe2 29. Qxe2 Bd3 30. Qxe5 Bxf1 31. Rxf1 Rf8 32. Bb2 Rf2+ 33. Rxf2 Qxf2+ 34. Kh1 Qf1+ 35. Kh2 Rd2+ 0-1

[Event "Montreal Mercredi 11"]
[Site "Montreal CAN"]
[Date "2012.11.21"]
[Round "2"]
[White "Lacroix, Serge"]
[Black "Nardone, Raul"]
[Result "1-0"]
[WhiteElo "1822"]
[BlackElo "1817"]
[PlyCount "147"]
[GameId "2160767909411477"]
[EventDate "2012.11.14"]
[EventType "swiss"]
[EventRounds "5"]
[EventCountry "CAN"]
[SourceTitle "EXT 2022"]
[Source "ChessBase"]
[SourceDate "2021.10.06"]
[SourceVersion "1"]
[SourceVersionDate "2021.10.06"]
[SourceQuality "1"]

1. e4 c5 2. Nf3 d6 3. d4 cxd4 4. Nxd4 Nf6 5. Nc3 a6 6. a4 e6 7. Be2 Be7 8. Be3 O-O 9. O-O Nc6 10. f4 Bd7 11. Bf3 Qc7 12. Nb3 Rac8 13. a5 Nb4 14. Bb6 Qb8 15. Kh1 Bd8 16. Bxd8 Rfxd8 17. Rf2 Be8 18. Rd2 d5 19. e5 Nd7 20. Ra4 Nc6 21. Ra3 Ndxe5 22. fxe5 Nxe5 23. Be2 Qd6 24. Nd4 Qb4 25. Rb3 Qe7 26. Nf3 Ng4 27. Qg1 Nf6 28. Ne5 Qc7 29. Qd4 Qxa5 30. Rxb7 Ne4 31. Rd1 Nxc3 32. bxc3 Rxc3 33. Bd3 Rcc8 34. h3 Qc3 35. Qxc3 Rxc3 36. Ra7 f6 37. Ng4 Bb5 38. Rb1 Rc5 39. Rb7 Rdc8 40. Kh2 Bxd3 41. cxd3 h5 42. Nf2 Rc2 43. Kg3 Kh7 44. Re7 R8c7 45. Rxe6 a5 46. Rb5 R2c5 47. Rxc5 Rxc5 48. Ra6 Kh6 49. h4 Kg6 50. Kf3 Kf5 51. Nd1 g5 52. hxg5 Kxg5 53. Nf2 Rb5 54. Ke3 f5 55. g3 h4 56. gxh4+ Kxh4 57. Kf4 Rb4+ 58. Kxf5 Kg3 59. Nd1 Rd4 60. Nb2 Rb4 61. Rxa5 Rxb2 62. Rxd5 Kf3 63. d4 Rd2 64. Rd8 Ke3 65. Ke5 Ra2 66. d5 Ra5 67. Rf8 Rb5 68. Ke6 Ke4 69. d6 Re5+ 70. Kd7 Rh5 71. Ra8 Rh7+ 72. Kc6 Ke5 73. Re8+ Kd4 74. d7 1-0

[Event "Montreal Mercredi 11"]
[Site "Montreal CAN"]
[Date "2012.11.21"]
[Round "2"]
[White "Leung, Chin"]
[Black "Millette, Sylvain"]
[Result "1-0"]
[WhiteElo "1718"]
[BlackElo "1692"]
[PlyCount "63"]
[GameId "2160767909411478"]
[EventDate "2012.11.14"]
[EventType "swiss"]
[EventRounds "5"]
[EventCountry "CAN"]
[SourceTitle "EXT 2022"]
[Source "ChessBase"]
[SourceDate "2021.10.06"]
[SourceVersion "1"]
[SourceVersionDate "2021.10.06"]
[SourceQuality "1"]

1. e4 Nf6 2. e5 Nd5 3. c4 Nb6 4. d4 d6 5. f4 dxe5 6. fxe5 Bf5 7. Be3 Nc6 8. Nc3 e6 9. Nf3 Bg4 10. Be2 Bxf3 11. Bxf3 Nxc4 12. Bf2 Qd7 13. O-O Be7 14. Qe2 Nb6 15. d5 Nd4 16. Bxd4 Nxd5 17. Nxd5 exd5 18. Bg4 Qa4 19. Bc3 O-O 20. Bf5 f6 21. Qg4 g6 22. Bxg6 hxg6 23. Qxg6+ Kh8 24. Rf3 Qh4 25. exf6 Bxf6 26. Rh3 Qxh3 27. gxh3 Bxc3 28. Qh5+ Kg7 29. bxc3 c6 30. Re1 Rf7 31. Re6 Rg8 32. Qh6# 1-0

[Event "Montreal Mercredi 11"]
[Site "Montreal CAN"]
[Date "2012.11.21"]
[Round "2"]
[White "Ostaci, Liviu"]
[Black "Rondon, Luciano"]
[Result "0-1"]
[WhiteElo "1893"]
[BlackElo "1945"]
[PlyCount "146"]
[GameId "2160767909411479"]
[EventDate "2012.11.14"]
[EventType "swiss"]
[EventRounds "5"]
[EventCountry "CAN"]
[SourceTitle "EXT 2022"]
[Source "ChessBase"]
[SourceDate "2021.10.06"]
[SourceVersion "1"]
[SourceVersionDate "2021.10.06"]
[SourceQuality "1"]

1. d4 d5 2. Nf3 Nf6 3. e3 Bf5 4. Nbd2 e6 5. c3 c5 6. Be2 Bd6 7. O-O h6 8. Re1 Nc6 9. Nf1 O-O 10. Ng3 Bh7 11. Bd3 Bxd3 12. Qxd3 Qc7 13. Bd2 e5 14. dxe5 Nxe5 15. Nxe5 Bxe5 16. f4 Bd6 17. a4 Rfe8 18. Rf1 c4 19. Qc2 Bc5 20. Rf3 Ng4 21. Re1 Qb6 22. Qc1 Rad8 23. Nf5 Re6 24. Rg3 Rg6 25. Nd4 Nf6 26. Rxg6 fxg6 27. Qc2 Bxd4 28. exd4 Ne4 29. Bc1 Re8 30. g3 Re6 31. Qd1 Nf6 32. Re5 Kf7 33. Qe2 h5 34. h3 Qc6 35. Kh2 Ne4 36. Qc2 Nf6 37. b3 Nd7 38. Re3 Rxe3 39. Bxe3 Qe6 40. Bf2 cxb3 41. Qxb3 b6 42. Qa2 Nf6 43. a5 b5 44. Qc2 Qe4 45. Qxe4 Nxe4 46. Be1 Ke6 47. Kg2 Nd6 48. a6 Ne8 49. Kf3 Nc7 50. Bd2 Nxa6 51. g4 Nc7 52. Bc1 Ne8 53. Kg3 Nd6 54. Kh4 hxg4 55. hxg4 Nc4 56. Kg5 Kf7 57. f5 gxf5 58. Kxf5 a5 59. g5 g6+ 60. Kf4 Ke6 61. Kg4 a4 62. Kf4 a3 63. Bxa3 Nxa3 64. Kg4 Nb1 65. Kf4 Nxc3 66. Kg4 b4 67. Kf4 b3 68. Kg4 b2 69. Kf4 b1=Q 70. Kg4 Ne4 71. Kh3 Qd3+ 72. Kh2 Qg3+ 73. Kh1 Nf2# 0-1

[Event "Montreal Mercredi 11"]
[Site "Montreal CAN"]
[Date "2012.11.21"]
[Round "2"]
[White "Tremblay, Alain"]
[Black "Levkovsky, Alexandre"]
[Result "1/2-1/2"]
[WhiteElo "2058"]
[BlackElo "2272"]
[PlyCount "51"]
[GameId "2160767909411480"]
[EventDate "2012.11.14"]
[EventType "swiss"]
[EventRounds "5"]
[EventCountry "CAN"]
[SourceTitle "EXT 2022"]
[Source "ChessBase"]
[SourceDate "2021.10.06"]
[SourceVersion "1"]
[SourceVersionDate "2021.10.06"]
[SourceQuality "1"]

1. Nf3 d5 2. d4 b5 3. g3 Nf6 4. Bg2 e6 5. O-O Be7 6. Ne5 O-O 7. c4 bxc4 8. Nxc4 dxc4 9. Bxa8 c6 10. Qa4 Qb6 11. Na3 Bxa3 12. bxa3 Nd5 13. Be3 Ba6 14. Rab1 Bb5 15. Qc2 Qa6 16. Bb7 Qxa3 17. Bf4 a6 18. Bxb8 Rxb8 19. Bxc6 Nb4 20. Qe4 Bxc6 21. Rxb4 Rxb4 22. Qxc6 g6 23. d5 exd5 24. Qe8+ Kg7 25. Qe5+ Kg8 26. Qe8+ 1/2-1/2